00343nam a2200157Ia 4500008004100000020001500041041001200056082001600068100001300084245002200097250000800119260002100127300000800148650001400156700001500170221030s9999 xx 000 0 und d a8120309448 aEnglish a105.23bHea aD. Hearn 0aComputer Graphics a2nd bPHIaIndiac2006 a652 aComputers aM.P. Baker